Outrageously Alice /

Alice is in the eighth grade, and while she wants her life to be exciting and outrageous, she also wants to feel protected and safe.

Bibliographic Details
Main Author: Naylor, Phyllis Reynolds
Format: Book
Language:English
Published: New York : Atheneum Books for Young Readers, [1997]
Edition:1st ed.
Subjects:

MARC

Tag First Indicator Second Indicator Subfields
LEADER 00000cam a2200000 a 4500
001 in00001404892
005 20151020064041.0
008 960319s1997 nyu c 000 1 eng
010 |a  96007744  
020 |a 0689803540 
035 |a (OCoLC)34546802 
035 |9 AHP4400AM 
040 |a DLC  |c DLC  |d TXA  |d UtOrBLW 
049 |a TXAM 
050 0 0 |a PZ7.N24  |b Ou 1997 
082 0 0 |a [Fic]  |2 20 
100 1 |a Naylor, Phyllis Reynolds. 
245 1 0 |a Outrageously Alice /  |c Phyllis Reynolds Naylor. 
250 |a 1st ed. 
264 1 |a New York :  |b Atheneum Books for Young Readers,  |c [1997] 
264 4 |c ©1997 
300 |a 133 pages ;  |c 22 cm. 
336 |a text  |b txt  |2 rdacontent 
337 |a unmediated  |b n  |2 rdamedia 
338 |a volume  |b nc  |2 rdacarrier 
500 |a "Jean Karl book." 
520 |a Alice is in the eighth grade, and while she wants her life to be exciting and outrageous, she also wants to feel protected and safe. 
650 1 |a Schools  |x Fiction. 
650 0 |a Identity (Philosophical concept)  |v Fiction. 
650 1 |a Single-parent family  |x Fiction. 
650 1 |a Family life  |x Fiction. 
948 |a c:ce 
999 |a MARS 
999 f f |s 75a325fd-83a2-3cde-a3ad-c6927e331e39  |i 9c3ab645-545d-3aaf-9d66-d1b33b3917a2  |t 0 
952 f f |p ric  |a Texas A&M University  |b Rellis Campus  |c Joint Library Facility  |d Remote Storage  |t 0  |e PZ7.N24 Ou 1997  |h Library of Congress classification  |i unmediated -- volume  |m A14822543762 
998 f f |a PZ7.N24 Ou 1997  |t 0  |l Remote Storage